What are actuaries and who needs them anyway / (Record no. 59540)
[ view plain ]
| 000 -LEADER | |
|---|---|
| fixed length control field | 00519cam5a220018100 4500 |
| 001 - CONTROL NUMBER | |
| control field | tmp16037651 |
| 003 - CONTROL NUMBER IDENTIFIER | |
| control field | UPRA |
| 005 - DATE AND TIME OF LATEST TRANSACTION | |
| control field | 20190815094404.0 |
| 008 - FIXED-LENGTH DATA ELEMENTS--GENERAL INFORMATION | |
| fixed length control field | 951128s1991 sa eng u |
| 035 ## - SYSTEM CONTROL NUMBER | |
| System control number | (Sirsi) r75474 |
| 035 ## - SYSTEM CONTROL NUMBER | |
| System control number | (UPRA)tmp16037651 |
| 040 ## - CATALOGING SOURCE | |
| Transcribing agency | UPRA |
| 100 1# - MAIN ENTRY--PERSONAL NAME | |
| Personal name | Dorrington, R. E. |
| Linkage | A35879.1 |
| 245 10 - TITLE STATEMENT | |
| Title | What are actuaries and who needs them anyway / |
| Statement of responsibility, etc. | R.E. Dorrington. |
| 260 ## - PUBLICATION, DISTRIBUTION, ETC. | |
| Place of publication, distribution, etc. | Capetown : |
| Name of publisher, distributor, etc. | The University, |
| Date of publication, distribution, etc. | 1991. |
| 949 ## - LOCAL PROCESSING INFORMATION (OCLC) | |
| a | (O8)U.C.N.SER/163 |
| w | lcc |
| m | MAIN |
| t | BOOK |
| l | ON-SHELF |
No items available.